00246nam a22001097a 4500003000400000020001800004082001400022100002200036245003700058260003300095300000800128SGT a0-434-92330-3 a659bT90W aWILMSHURST, JOHN  aTHE FUNDAMENTALS OF ADVERTISING  aLONDON bHEINMANN PUB c1990 a267